000 00609nam a2200265Ia 4500
005 20260306164201.0
008 008 260114s9999 xx 000 0 eng d
020 _a9780226065915
037 _aEBOOK
040 _aCRL
040 _beng
040 _cCRL
041 _2eng
041 _aeng
084 _qCRL
100 _aRosen
245 4 _aThe Idea Of Hegel's "Science Of Logic"
260 _bUniversity of Chicago Press
260 _c2014
650 _aPhilosophy
856 _uhttps://academic.oup.com/book/18577
942 _cEBOOK
999 _c1713084
_d1713084